Адресати звернення у офіційному дискурсі (Запис № 284189)
[ простий вигляд ]
| 000 -LEADER | |
|---|---|
| fixed length control field | 02578nam a22001577a 4500 |
| 041 ## - LANGUAGE CODE | |
| Language code of text/sound track or separate title | ukr |
| 080 ## - UNIVERSAL DECIMAL CLASSIFICATION NUMBER | |
| Universal Decimal Classification number | 09 |
| 090 ## - LOCALLY ASSIGNED LC-TYPE CALL NUMBER (OCLC); LOCAL CALL NUMBER (OCLC) | |
| Local cutter number (OCLC) ; Book number/undivided call number, CALL (RLIN) | СИЧ |
| 100 ## - MAIN ENTRY--PERSONAL NAME | |
| Personal name | Сичевська О.Ю. |
| 245 ## - TITLE STATEMENT | |
| Title | Адресати звернення у офіційному дискурсі |
| 260 ## - PUBLICATION, DISTRIBUTION, ETC. (IMPRINT) | |
| Place of publication, distribution, etc | Острог |
| Name of publisher, distributor, etc | КАФ |
| Date of publication, distribution, etc | 2009 |
| 300 ## - PHYSICAL DESCRIPTION | |
| Extent | 67 |
| 520 ## - SUMMARY, ETC. | |
| Summary, etc | ВСТУП<br/>РОЗДІЛ 1 ПОНЯТТЯ ОФІЦІЙНОГО ТА НЕОФІЦІЙНОГО ДИСКУРСУ У ЛІНГВІСТИЧНІЙ НАУЦІ<br/>1.1 Сучасні підходи до визначення дискурсу.<br/>1.1.1 Основні характеристики дискурсу.<br/>1.1.2 Просторовість дискурсу.<br/>1.2 Характерні риси офіційного та неофіційного дискурсу.<br/>1.2.1 Засоби вираження фактора адресата з точки зору офіційного і неофіціного дискурсу.<br/>1.2.2 Засоби відкритого та прихованого впливу у офіційному дискурсі.<br/>1.3 Особливості адресованості у офіційному дискурсі.<br/>1.3.1 Поняття адресата в комунікації: його типи та роль.<br/>1.3.2 Експліцитні (прямі і непрямі) та імпліцитні маркери адресованості.<br/>1.3.3 Інші засоби вираження адресованості.<br/>1.4 Сприйняття повідомлення адресатом.<br/>1.4.1 Характеристика офіційних документів як частини офіційного дискурсу.<br/>1.4.2 Особливості текстів юридичних документів.<br/>РОЗДІЛ 2 РІЗНОВИДИ ЛИСТІВ ОФІЦІЙНОГО ДИСКУРСУ<br/>2.1 Структура листів.<br/>2.2 Ділове листування.<br/>2.3 Порівняльний аналіз ділового та приватного листування.<br/>РОЗІДЛ3 КАТЕГОРІЯ ВВІЧЛИВОСТІ ЯК ЗАСІБ ВПЛИВУ НА РЕЦИПІЄНТА У ПРОЦЕСІ СПІЛКУВАННЯ<br/>3.1 Визначення категорії ввічливості як феномену.<br/>3.2 Позитивна та негативна ввічливість.<br/>3.3 Комунікативні тактики учасників процесу спілкування.<br/>ВИСНОВКИ |
| -- | дискурс, лінгвістика, листи,спілкування |
| 650 ## - SUBJECT ADDED ENTRY--TOPICAL TERM | |
| Topical term or geographic name as entry element | Research Papers |
| 942 ## - ADDED ENTRY ELEMENTS (KOHA) | |
| Koha item type | Книги |
| Withdrawn status | Lost status | Source of classification or shelving scheme | Damaged status | Not for loan | Home library | Current library | Date acquired | Source of acquisition | Cost, normal purchase price | Total Checkouts | Full call number | Barcode | Date last seen | Price effective from | Koha item type |
|---|---|---|---|---|---|---|---|---|---|---|---|---|---|---|---|
| Universal Decimal Classification | ВІЛ - Відділ іноземн. літератури НБ | ВІЛ - Відділ іноземн. літератури НБ | 16/04/2009 | Акт №1 | 1.00 | 09 | 213454 | 15/12/2021 | 16/04/2009 | Книги |